Bye bye I love you (Record no. 4594)

MARC details
000 -CABECERA
campo de control de longitud fija 02796cam a22002778i 4500
001 - NÚMERO DE CONTROL
campo de control 23615108
005 - FECHA Y HORA DE LA ÚLTIMA TRANSACCIÓN
campo de control 20250616110309.0
008 - DATOS DE LONGITUD FIJA--INFORMACIÓN GENERAL
campo de control de longitud fija 240321s2025 mau b 001 0 eng
010 ## - NÚMERO DE CONTROL DE LA BIBLIOTECA DEL CONGRESO
Número de control de LC 2024002113
020 ## - NÚMERO INTERNACIONAL ESTÁNDAR DEL LIBRO
Número Internacional Estándar del Libro 9780262049429
Información calificativa (hardcover)
040 ## - FUENTE DE LA CATALOGACIÓN
Centro catalogador/agencia de origen DLC
Lengua de catalogación eng
Normas de descripción rda
Centro/agencia transcriptor DLC
041 ## - CÓDIGO DE LENGUA
Código de lengua del texto/banda sonora o título independiente eng
042 ## - CÓDIGO DE AUTENTICACIÓN
Código de autenticación pcc
050 00 - SIGNATURA TOPOGRÁFICA DE LA BIBLIOTECA DEL CONGRESO
Número de clasificación P107
Número de documento/Ítem .E73 2025
100 ## - ENTRADA PRINCIPAL--NOMBRE DE PERSONA
Nombre de persona Erard, Michael,
Término indicativo de función/relación author.
9 (RLIN) 25056
245 10 - MENCIÓN DE TÍTULO
Título Bye bye I love you
Resto del título : the story of our first and last words
Mención de responsabilidad, etc. / Michael Erard.
264 #1 - PRODUCCIÓN, PUBLICACIÓN, DISTRIBUCIÓN, FABRICACIÓN Y COPYRIGHT
Producción, publicación, distribución, fabricación y copyright Cambridge, Massachusetts :
Nombre del de productor, editor, distribuidor, fabricante The MIT Press,
Fecha de producción, publicación, distribución, fabricación o copyright 2025.
300 ## - DESCRIPCIÓN FÍSICA
Extensión 327 pages : illustrations ; 24 cm
504 ## - NOTA DE BIBLIOGRAFÍA, ETC.
Nota de bibliografía, etc. Includes bibliographical references and index.
505 0# - NOTA DE CONTENIDO CON FORMATO
Nota de contenido con formato The Four Expectations —<br/>The Story of a First Word (or Why We Pay Attention to First Words at All) —<br/>The First First Word —<br/>The Truth About "Mama" —<br/>The Normal First Word —<br/>Conclusion, Part 1: Ritual, Sincerity, and the First Word —<br/>Interlude: A Year at the MPI —<br/>How Do We Really Communicate at the End of Our Lives? —<br/>William Osler and "The Study of the Act of Dying" —<br/>The Linguistic Powers of the Dying —<br/>Death Resists —<br/>Beyond Last Words —<br/>A Linguistics of Last Words.
520 ## - SUMARIO, ETC.
Sumario, etc. A beautiful and intimate exploration of first and last words—and the many facets of how language begins and ends—from a pioneering language writer.<br/><br/>With our earliest utterances, we announce ourselves—and are recognized—as persons ready for social life. With our final ones, we mark where others must release us to death's embrace. In Bye Bye I Love You, linguist and author Michael Erard explores these phenomena, commonly called “first words” and “last words,” uncovering their cultural, historical, and biological entanglements and honoring their deep private significance. Erard draws from personal, historical, and anthropological sources to provide a sense of the breadth of beliefs and practices about these phenomena across eras, religions, and cultures around the world.<br/><br/>What do babies' first words have in common? How do people really communicate at the end of life? In the first half of the book, Erard tells the story of first words in human development and evolution, and how the attention to children's early language—a modern phenomenon—arose. In the second half, he provides a groundbreaking overview of language at the end of life and the cultural conventions that surround it. Throughout he reveals the many parallels and asymmetries between first and last words and asks whether we might be able to use a linguistic understanding of end of life to discover what we truly want.
Fuente proveedora Provided by publisher.
650 #0 - PUNTO DE ACCESO ADICIONAL DE MATERIA--TÉRMINO DE MATERIA
Término de materia o nombre geográfico como elemento de entrada Language and languages
Subdivisión general Philosophy
9 (RLIN) 8574
650 #0 - PUNTO DE ACCESO ADICIONAL DE MATERIA--TÉRMINO DE MATERIA
Término de materia o nombre geográfico como elemento de entrada Language acquisition.
9 (RLIN) 25057
650 #0 - PUNTO DE ACCESO ADICIONAL DE MATERIA--TÉRMINO DE MATERIA
Término de materia o nombre geográfico como elemento de entrada Death
9 (RLIN) 11666
942 ## - ELEMENTOS DE ENTRADA AGREGADA (KOHA)
Fuente del sistema de clasificación o colocación Clasificación de Library of Congress
Holdings
Estado de retiro Estado de pérdida Fuente del sistema de clasificación o colocación Estado dañado No para préstamo Biblioteca de origen Biblioteca actual Fecha de adquisición Total de préstamos Signatura topográfica completa Código de barras Fecha visto por última vez Fecha del último préstamo Número de copia Precio válido a partir de Tipo de ítem Koha
    Clasificación de Library of Congress     TBS Barcelona TBS Barcelona 26/03/2025 1 P107 ERA B05889 19/05/2025 11/04/2025 1 26/03/2025 Book

Powered by Koha